000 00602nam a2200229Ia 4500
003 OSt
005 20221007074849.0
006 a|||||r|||| 00| 0
007 ta
008 221006b |||||||| |||| 00| 0 eng d
024 _a24,095
037 _cTextual
040 _aFLL
_cFLL
_beng
041 _2eng
_aeng
082 _aZ2:215, L7
100 _aKhan Rahmatullah
245 0 _aIndian Ocean Fisheries
260 _aNew Delhi
_bAnkur Publishing House India
_c1977
300 _axiv,1-264p
_ccm.
942 _hZ2:215, L7
_cTEXL
_2CC
999 _c1153947
_d1153947